[Event "World Blitz"]
[Site "Moscow RUS"]
[Date "2009.11.16"]
[Round "13"]
[White "Tkachiev,V"]
[Black "Polgar,Ju"]
[Result "1/2-1/2"]
[WhiteElo "2642"]
[BlackElo "2680"]

1.d4 Nf6 2.Nf3 g6 3.c4 Bg7 4.g3 O-O 5.Bg2 c6 6.Nc3 d5 7.cxd5 Nxd5 8.O-O Na6
9.e4 Nb6 10.h3 c5 11.d5 e6 12.Bg5 Qd7 13.a4 Nb4 14.a5 Nc4 15.Qb3 exd5 16.Nxd5 Nxd5
17.Qxc4 Nb4 18.Qxc5 Nd3 19.Qe3 Nxb2 20.Bh6 Nc4 21.Qf4 Qe7 22.Bxg7 Kxg7 23.Rfc1 Be6
24.Nd4 Rac8 25.Nf5+ gxf5 26.exf5 Qf6 27.Qg4+ Kh8 28.fxe6 fxe6 29.Qe2 Nd6
30.Rd1 e5 31.Rab1 Rc7 32.Rd5 Re7 33.Re1 e4 34.Red1 Nf7 35.Rd7 Ng5 36.Rxe7 Qxe7
37.Qb2+ Qg7 38.Qxg7+ Kxg7 39.Rb1 Rf7 40.h4 Nf3+ 41.Bxf3 exf3 42.Kh2 h5 43.Rb5 Kg6
44.Rg5+ Kh6 45.Rb5 Rd7 46.g4 hxg4 47.Kg3 Rg7 48.Rb4 Kh5 49.Rb5+ Kh6 50.Rb4 Kh5
51.Rf4 b6 52.axb6 axb6 53.Rf5+ Kh6 54.Rb5 Rg6 55.Rb4 Kh5  1/2-1/2

[Event "World Blitz"]
[Site "Moscow RUS"]
[Date "2009.11.16"]
[Round "14"]
[White "Polgar,Ju"]
[Black "Dominguez Perez,L"]
[Result "0-1"]
[WhiteElo "2680"]
[BlackElo "2719"]

1.e4 c5 2.Nf3 d6 3.d4 cxd4 4.Nxd4 Nf6 5.Nc3 a6 6.Be3 e5 7.Nf3 Be7 8.Bc4 O-O
9.O-O Nc6 10.Re1 Be6 11.Nd5 Bxd5 12.Bxd5 Nb4 13.Bb3 Nxe4 14.Bd2 Nxd2 15.Nxd2 Nc6
16.Ne4 Kh8 17.Qd2 f5 18.Nc3 e4 19.Nd5 Bg5 20.Qe2 Bf6 21.c3 Be5 22.Rad1 Ne7
23.f4 exf3 24.Qxf3 Ng6 25.Bc2 Qg5 26.Nc7 Rab8 27.Ne6 Qh6 28.Nxf8 Qxh2+ 29.Kf2 Qh4+
30.g3 Qh2+ 31.Qg2 Bxg3+ 32.Kf1 Rxf8 33.Qxh2 Bxh2 34.Rd5 Be5 35.c4 b6 36.b4 Nf4
37.Rdd1 Bc3 38.Re7 Bxb4 39.Kf2 Bc5+ 40.Kg3 Ng6 41.Ra7 f4+ 42.Kh2 Ne5 43.Be4 Ng4+  0-1

[Event "World Blitz"]
[Site "Moscow RUS"]
[Date "2009.11.17"]
[Round "15"]
[White "Karjakin,Sergey"]
[Black "Polgar,Ju"]
[Result "1-0"]
[WhiteElo "2723"]
[BlackElo "2680"]

1.d4 Nf6 2.c4 g6 3.Nc3 Bg7 4.e4 d6 5.Nf3 O-O 6.Be2 e5 7.O-O Nc6 8.d5 Ne7
9.b4 Nd7 10.a4 h6 11.Ba3 f5 12.c5 Nf6 13.Nd2 fxe4 14.Ndxe4 Nf5 15.b5 b6 16.cxd6 cxd6
17.Nxf6+ Bxf6 18.Ne4 Be7 19.Bg4 Nd4 20.Rc1 Rf4 21.Bxc8 Rxe4 22.Qd3 Rh4 23.Qxg6+ Kh8
24.Bf5 Qg8 25.Rc7 Qxg6 26.Bxg6 Rg8 27.Rxe7 Rxg6 28.Kh1 Ne2 29.Rxa7 Rd4 30.a5 Rxd5
31.axb6 Rg8 32.b7 Nc3 33.Ra8 Rxb5 34.Bxd6 Ne4 35.Rxg8+  1-0

[Event "World Blitz"]
[Site "Moscow RUS"]
[Date "2009.11.17"]
[Round "18"]
[White "Polgar,Ju"]
[Black "Carlsen,M"]
[Result "0-1"]
[WhiteElo "2680"]
[BlackElo "2801"]

1.e4 c5 2.Nf3 d6 3.d4 cxd4 4.Qxd4 a6 5.Be3 Nc6 6.Qb6 Qxb6 7.Bxb6 Nf6 8.Nc3 Bg4
9.Be2 g6 10.h3 Bxf3 11.Bxf3 Rc8 12.O-O-O Bh6+ 13.Kb1 Nd7 14.Na4 Nce5 15.Be2 Nxb6
16.Nxb6 Rc6 17.Nd5 Bg7 18.f4 Nd7 19.Rhe1 e6 20.Ne3 Ke7 21.c3 b5 22.Bf3 Rb6
23.a3 a5 24.Re2 Rc8 25.Nc2 Nc5 26.Red2 Na4 27.Rd3 h5 28.R1d2 h4 29.Rf2 Nc5
30.Rd1 Bh6 31.f5 Nd7 32.Bg4 Ne5 33.Be2 gxf5 34.exf5 Rg8 35.Rd4 Bg5 36.Re4 Bf6
37.Bf1 d5 38.Re1 Nc4 39.Rd1 Rg3 40.fxe6 fxe6 41.Re2 Kd7 42.Rf2 Ke7 43.Re2 Rd6
44.Rf2 Rd8 45.Be2 Rdg8 46.Bf1 R8g5 47.Ka2 Re5 48.Nd4 Ne3 49.Nc6+ Kd6 50.Nxe5 Nxd1
51.Ng4 Nxf2  0-1

[Event "World Blitz"]
[Site "Moscow RUS"]
[Date "2009.11.17"]
[Round "22"]
[White "Polgar,Ju"]
[Black "Jakovenko,D"]
[Result "0-1"]
[WhiteElo "2680"]
[BlackElo "2736"]

1.e4 e5 2.Nf3 Nc6 3.Bb5 Nf6 4.d3 Bc5 5.O-O Nd4 6.Nxd4 Bxd4 7.c3 Bb6 8.d4 O-O
9.Re1 d6 10.Bg5 h6 11.Bh4 Qe7 12.Qd3 c6 13.Ba4 g5 14.Bg3 Nh5 15.Nd2 Qf6 16.dxe5 dxe5
17.Nc4 Bc7 18.Bd1 Nf4 19.Qf3 g4 20.Qe3 Be6 21.Be2 h5 22.Rad1 Rad8 23.Bf1 b5
24.Na3 Bb6 25.Qc1 h4 26.Bxf4 exf4 27.e5 Qf5 28.Nc2 Rxd1 29.Qxd1 Rd8 30.Nd4 Qg6
31.b4 Bd5 32.Qd2 Qg5 33.Bd3 g3 34.fxg3 hxg3 35.h3 Re8 36.Qe2 f6 37.e6 Rxe6
38.Qd1 Rxe1+ 39.Qxe1 Qe5 40.Qe2 Bxd4+ 41.cxd4 Qxd4+ 42.Kh1 Qa1+ 43.Qf1 Qxf1+
44.Bxf1 Bxa2 45.h4 Bc4 46.Kg1 Kg7 47.Bxc4 bxc4 48.Kf1 c3 49.Ke2 f3+  0-1

[Event "World Blitz"]
[Site "Moscow RUS"]
[Date "2009.11.17"]
[Round "26"]
[White "Polgar,Ju"]
[Black "Gashimov,V"]
[Result "1/2-1/2"]
[WhiteElo "2680"]
[BlackElo "2758"]

1.e4 c5 2.Nf3 d6 3.d4 cxd4 4.Nxd4 Nf6 5.Nc3 g6 6.g3 Bg7 7.Bg2 O-O 8.O-O Bd7
9.h3 Nc6 10.Nde2 Rc8 11.Rb1 a6 12.g4 b5 13.Ng3 Be6 14.a3 b4 15.axb4 Nxb4
16.f4 Nd7 17.Bd2 Nb6 18.f5 Bd7 19.g5 Nc4 20.Bf4 a5 21.Kh1 Nxb2 22.Rxb2 Bxc3
23.Rb1 Ba4 24.Qf3 Bxc2 25.Rbc1 Bb2 26.h4 Bxc1 27.Bxc1 Nd3 28.Be3 Ne5 29.Qf4 Bd3
30.Rd1 Rc2 31.Bd4 Qc7 32.h5 Be2 33.Nxe2 Rxe2 34.hxg6 fxg6 35.f6 Qc2 36.Rc1 Qd2
37.Qxd2 Rxd2 38.Bc3 Rf2 39.Bd4 Rf4 40.fxe7 Re8 41.Rc7 Rf7 42.Ra7 Rfxe7 43.Rxa5 Nc6
44.Rd5 Nxd4 45.Rxd4 Rd8 46.Rb4 Re5 47.Rb7 Rxg5 48.Kh2 Re8 49.Rd7 Rxg2+ 50.Kxg2 Rxe4
51.Rxd6 Re7 52.Kf3 Kg7 53.Kf4 h5 54.Kg5 Re5+ 55.Kh4 Kh6 56.Rc6 Re4+ 57.Kg3 Kg5
58.Rc5+ Kf6 59.Rc6+ Kf5 60.Rc5+ Re5 61.Rc8 Re3+ 62.Kf2 Rd3 63.Rc5+ Kf4 64.Rc4+ Ke5
65.Rc5+ Rd5 66.Rc6 Kf5 67.Rc4 g5 68.Kf3 h4 69.Rb4 Rd3+ 70.Ke2 Rg3 71.Kf2 Rd3
72.Ke2 Rd5 73.Kf3 Kg6 74.Kg4 Rd6 75.Ra4 Kf6 76.Rb4 Re6 77.Ra4 Re5 78.Ra6+ Ke7
79.Rb6 Kd7 80.Ra6 Ke7 81.Rb6 Kf7 82.Ra6 Re6 83.Ra5 Rg6 84.Ra7+ Kf6 85.Ra6+ Kg7
86.Ra7+ Kh6 87.Ra5 h3 88.Kxh3 Kh5 89.Ra8 Re6 90.Rh8+ Kg6 91.Kg4 Re4+ 92.Kf3 Ra4
93.Rg8+ Kf5 94.Rf8+  1/2-1/2

[Event "World Blitz"]
[Site "Moscow RUS"]
[Date "2009.11.17"]
[Round "27"]
[White "Kosteniuk,A"]
[Black "Polgar,Ju"]
[Result "1-0"]
[WhiteElo "2517"]
[BlackElo "2680"]

1.e4 c5 2.Nf3 e6 3.d4 cxd4 4.Nxd4 a6 5.Nc3 Nc6 6.Be2 Qc7 7.O-O b5 8.Re1 Bb7
9.Nxc6 dxc6 10.Bf3 Bd6 11.g3 Ne7 12.Qe2 Be5 13.Bg2 c5 14.Be3 Bd4 15.Nd1 O-O
16.c3 Bxe3 17.Nxe3 Rad8 18.a4 c4 19.axb5 axb5 20.Nc2 Rd7 21.Nd4 Qb6 22.e5 Bxg2
23.Kxg2 Nc6 24.Nf3 Rd3 25.Qe4 h6 26.Ra2 Rfd8 27.Rea1 Qc5 28.Ra6 Ne7 29.Ra8 g6
30.R1a7 Qc6 31.Rxd8+ Rxd8 32.Qh4 Rd3 33.Qf6 Rd7 34.Rxd7 Qxd7 35.Nd4 b4 36.h4 h5
37.Qf3 bxc3 38.bxc3 Qc7 39.Qe4 Nd5 40.Ne2 Qc5 41.Qb1 Ne7 42.Qb8+ Kg7 43.Qd6 Qxd6
44.exd6 Nc6 45.d7 Kf6 46.Nd4 Nd8 47.Nb5 Ke7 48.Na3 Kxd7 49.Nxc4 f6 50.Kf3 Kc6
51.Ke4 Kc5 52.Kd3 Nc6 53.Ne3 Ne5+ 54.Ke4 Nf7 55.Kd3 Nd6 56.Nc2 e5 57.Ne3 g5
58.Ke2 Ne4 59.c4 Nd6 60.Nd5 Ne8 61.Ne3 Kd4 62.Nf5+ Kxc4 63.g4 Nc7 64.gxh5 Ne6
65.h6 Nf8 66.hxg5 fxg5 67.Kf3 Kd3 68.Kg4 Ke2 69.Kxg5 Kxf2 70.Kf6 e4 71.Kf7 Nh7
72.Kg6 Nf8+ 73.Kg7 Ne6+ 74.Kf6 Nf8 75.Nd4 e3 76.Kg7 Ne6+ 77.Nxe6 e2 78.Nf4  1-0

[Event "World Blitz"]
[Site "Moscow RUS"]
[Date "2009.11.17"]
[Round "28"]
[White "Polgar,Ju"]
[Black "Bareev,E"]
[Result "0-1"]
[WhiteElo "2680"]
[BlackElo "2634"]

1.e4 c6 2.d4 d5 3.exd5 cxd5 4.Bd3 Nc6 5.c3 Nf6 6.Nd2 Bg4 7.Qb3 Qc7 8.h3 Bh5
9.Ngf3 e6 10.O-O Bd6 11.Re1 O-O 12.Qc2 Rac8 13.a3 Rfe8 14.Bb5 a6 15.Bxc6 bxc6
16.b4 Nd7 17.Qd3 a5 18.Bb2 Nb6 19.Ne5 f6 20.Ng4 Ra8 21.Nb3 Nc4 22.Bc1 e5
23.dxe5 fxe5 24.Qg3 Bg6 25.Ne3 axb4 26.axb4 Rxa1 27.Nxa1 Nxe3 28.Bxe3 d4
29.Bd2 e4 30.Qg4 e3 31.fxe3 Bh2+ 32.Kh1 Bg3 33.Rc1 dxe3 34.Be1 Bd6 35.Nb3 Qf7
36.Nd2 exd2  0-1

[Event "World Blitz"]
[Site "Moscow RUS"]
[Date "2009.11.18"]
[Round "30"]
[White "Polgar,Ju"]
[Black "Svidler,P"]
[Result "0-1"]
[WhiteElo "2680"]
[BlackElo "2754"]

1.e4 e5 2.Nf3 Nc6 3.Bb5 a6 4.Ba4 Nf6 5.O-O b5 6.Bb3 Bb7 7.d3 Be7 8.Nc3 O-O
9.Bd2 h6 10.Nd5 Bc5 11.c3 d6 12.a4 Nxd5 13.Bxd5 Rb8 14.axb5 axb5 15.h3 Bb6
16.Nh2 Ne7 17.Bxb7 Rxb7 18.Qf3 Rb8 19.Qg3 Kh7 20.Be3 f5 21.Bxb6 Rxb6 22.exf5 Nxf5
23.Qg4 b4 24.Qe4 bxc3 25.bxc3 Kh8 26.Rab1 Rxb1 27.Rxb1 Ne7 28.Nf3 Qd7 29.d4 exd4
30.cxd4 Qf5 31.Nd2 Qxf2+ 32.Kh1 Nf5 33.Qd3 Qxd4 34.Qxd4 Nxd4 35.Rb7 Ne6 36.Ne4 Rf4
37.Nc3 Rc4 38.Nd5 Rc5 39.Ne7 Kh7 40.Kh2 d5 41.Rb1 d4 42.Re1 d3 43.Rd1 Rc3
44.Nd5 Rb3 45.Re1 c5 46.Rxe6 d2 47.Ne3 Rxe3 48.Rd6 Re2 49.Kg3 c4 50.Kf3 Rxg2
51.Kxg2 c3 52.Kf3 c2 53.Ke2 c1=Q  0-1

[Event "World Blitz"]
[Site "Moscow RUS"]
[Date "2009.11.18"]
[Round "32"]
[White "Polgar,Ju"]
[Black "Grischuk,A"]
[Result "1/2-1/2"]
[WhiteElo "2680"]
[BlackElo "2736"]

1.e4 c5 2.Nf3 d6 3.d4 cxd4 4.Nxd4 Nf6 5.Nc3 a6 6.Bd3 Nc6 7.Nde2 g6 8.O-O Bg7
9.f4 O-O 10.Kh1 b5 11.Be3 Bb7 12.a3 Rc8 13.Qe1 b4 14.Nd5 a5 15.c4 bxa3 16.bxa3 e6
17.Rb1 exd5 18.cxd5 Ba8 19.dxc6 Bxc6 20.Ng3 Re8 21.Bb6 Qd7 22.Bxa5 h5 23.Bc3 h4
24.Bxf6 Bxf6 25.Ne2 Rxe4 26.Bxe4 Bxe4 27.Ng1 Qc6 28.Nf3 h3 29.Rb4 Re8 30.Qf2 Bd3
31.Re1 Rxe1+ 32.Nxe1 Bf5 33.Kg1 Kg7 34.gxh3 Bc3 35.Rb3 Qc4 36.Rxc3 Qxc3 37.Nf3 Qa1+
38.Kg2 Be4 39.Kg3 Bxf3 40.Qxf3 Qg1+ 41.Qg2 Qe3+ 42.Qf3 Qg1+ 43.Qg2 Qe3+ 44.Qf3  1/2-1/2

[Event "World Blitz"]
[Site "Moscow RUS"]
[Date "2009.11.18"]
[Round "34"]
[White "Polgar,Ju"]
[Black "Tkachiev,V"]
[Result "1/2-1/2"]
[WhiteElo "2680"]
[BlackElo "2642"]

1.e4 e5 2.Nf3 Nc6 3.Bb5 a6 4.Ba4 Nf6 5.d3 Bc5 6.O-O b5 7.Bb3 d6 8.a4 Rb8
9.axb5 axb5 10.h3 h6 11.Nc3 O-O 12.Be3 Bxe3 13.fxe3 Be6 14.Nd5 Bxd5 15.Bxd5 Nxd5
16.exd5 Ne7 17.e4 c6 18.dxc6 Qb6+ 19.Rf2 Qxc6 20.Qd2 Ng6 21.Raf1 d5 22.exd5 Qxd5
23.Qe3 b4 24.Nd2 Rb7 25.Rf5 f6 26.Qg3 Kh7 27.Kh2 Ne7 28.Rxe5 Qd4 29.Qe3 Qd6
30.Qe4+ Ng6 31.Qxb7 Qxe5+ 32.Kh1 Qxb2 33.Qc7 Qe5 34.Qxe5 Nxe5 35.Rf4 Rc8
36.Nc4 Nxc4 37.dxc4 Kg6 38.Kg1 Kf7 39.Kf2 Ke6 40.Ke3 Ke5 41.Rd4 Rc5 42.Kd3 Rc7
43.Rd5+ Ke6 44.Rb5 Rd7+ 45.Ke3 Rc7 46.Rxb4 Rc6 47.Kd4 Rd6+ 48.Ke3 Rc6 49.Kd4 Rd6+
50.Ke3 Rc6 51.Ra4 f5 52.c3 g5 53.Kd3 Rd6+ 54.Ke3 Rc6 55.Ra5 Rxc4 56.Ra6+ Kf7
57.Kd3 Rf4 58.Rxh6 Rf2 59.g4 fxg4 60.hxg4 Rf4 61.c4 Rxg4 62.c5 Ke7 63.c6 Kd8
64.Rg6  1/2-1/2

[Event "World Blitz"]
[Site "Moscow RUS"]
[Date "2009.11.18"]
[Round "35"]
[White "Dominguez Perez,L"]
[Black "Polgar,Ju"]
[Result "1-0"]
[WhiteElo "2719"]
[BlackElo "2680"]

1.e4 c5 2.Nf3 a6 3.c4 e6 4.d4 cxd4 5.Nxd4 Nc6 6.Nc3 Bb4 7.Be3 Nf6 8.Bd3 Qc7
9.Rc1 b6 10.O-O Nxd4 11.Bxd4 Bc5 12.Be2 Bb7 13.Qd3 Bxd4 14.Qxd4 Qc5 15.Qd3 Bc6
16.a3 g5 17.b4 Qe5 18.Qe3 Rb8 19.f3 Qf4 20.Qd4 d6 21.b5 axb5 22.cxb5 Ba8
23.Na4 Qe5 24.Qxe5 dxe5 25.Nxb6 Ke7 26.Rc7+ Kd6 27.Nxa8 Rxa8 28.Rxf7 Rhf8
29.Rd1+ Kc5 30.Rc7+ Kb6 31.Rc6+ Ka5 32.Rxe6 Nh5 33.Rd2 Rfc8 34.b6 Ka4 35.Kf2 Rab8
36.Rd5 Rc2 37.Rexe5 h6 38.Ra5+ Kb3 39.Rab5+ Ka2 40.b7 Nf6 41.Re7 g4 42.e5 gxf3  1-0

[Event "World Blitz"]
[Site "Moscow RUS"]
[Date "2009.11.18"]
[Round "36"]
[White "Polgar,Ju"]
[Black "Karjakin,Sergey"]
[Result "0-1"]
[WhiteElo "2680"]
[BlackElo "2723"]

1.e4 e5 2.Nf3 Nc6 3.Nc3 Nf6 4.Bb5 Nd4 5.Bc4 d6 6.h3 Be7 7.d3 Nxf3+ 8.Qxf3 O-O
9.Be3 Be6 10.Bb3 c6 11.d4 exd4 12.Bxd4 c5 13.Bxf6 Bxf6 14.Qd3 Rc8 15.Bxe6 fxe6
16.O-O Qb6 17.Rab1 c4 18.Qd2 Qc5 19.Ne2 b5 20.c3 a5 21.Rbd1 Rcd8 22.Nd4 Rfe8
23.a3 d5 24.exd5 exd5 25.Rfe1 Bxd4 26.cxd4 Qc7 27.Re3 Rxe3 28.Qxe3 b4 29.axb4 axb4
30.Qe6+ Kh8 31.Re1 h6 32.Qg6 c3 33.bxc3 bxc3 34.Re2 Rc8 35.Rc2 Qc4 36.Qf5 Rb8
37.Qe5 Rb1+ 38.Kh2 Qd3 39.Qe2 Qxd4 40.Ra2 Rb2 41.Ra8+ Kh7 42.Qe3 Qxe3 43.fxe3 Re2
44.Ra5 c2 45.Rc5 g5 46.Rc6 h5 47.Kg3 Kg7 48.Kf3 Rd2 49.g3 Kf7 50.h4 gxh4
51.gxh4 Ke7 52.Kf4 Kd7 53.Rc5 Kd6 54.Rc8 Rg2 55.Kf3 Rh2 56.Kg3 Rd2 57.Kf4 Ke6
58.Rc6+ Ke7 59.Rc7+ Kd8 60.Rc5 Kd7 61.Kg5 Rg2+ 62.Kf4 Rg4+ 63.Kf3 Rc4  0-1

[Event "World Blitz"]
[Site "Moscow RUS"]
[Date "2009.11.18"]
[Round "39"]
[White "Carlsen,M"]
[Black "Polgar,Ju"]
[Result "1/2-1/2"]
[WhiteElo "2801"]
[BlackElo "2680"]

1.e4 c5 2.Nf3 e6 3.b3 Nc6 4.Bb2 d6 5.d4 cxd4 6.Nxd4 Nf6 7.Nxc6 bxc6 8.Bd3 Be7
9.O-O e5 10.c4 O-O 11.Nc3 Be6 12.Na4 Nd7 13.Qe2 c5 14.Nc3 Nb8 15.Nd5 Nc6
16.f4 Bxd5 17.exd5 Nd4 18.Bxd4 exd4 19.Rae1 Bf6 20.g3 Re8 21.Qxe8+ Qxe8 22.Rxe8+ Rxe8
23.Kf2 Re3 24.Re1  1/2-1/2

[Event "World Cup"]
[Site "Khanty-Mansiysk RUS"]
[Date "2009.11.26"]
[Round "2.8"]
[White "Nisipeanu,LD"]
[Black "Polgar,Ju"]
[Result "1/2-1/2"]
[WhiteElo "2677"]
[BlackElo "2680"]

1.e4 c5 2.Nf3 Nc6 3.Nc3 g6 4.d4 cxd4 5.Nxd4 Bg7 6.Be3 Nf6 7.Bc4 O-O 8.Bb3 d6
9.f3 a5 10.a4 Bd7 11.Qd2 Nxd4 12.Bxd4 Be6 13.Nd5 Bxd5 14.exd5 Nd7 15.Bxg7 Kxg7
16.Qd4+ Kg8 17.O-O Qb6 18.Qxb6 Nxb6 19.Rfe1 Rfe8 20.Re4 Nd7 21.Bc4 Nc5 22.Re3 e5
23.dxe6 fxe6 24.Rae1 Kf7 25.Bb5 Re7 26.Rd1 d5 27.c4 Rd8 28.Rd4 b6 29.Kf2 Rd6
30.g4 g5 31.Kg3 Kf6 32.h4 h6 33.f4 gxf4+ 34.Rxf4+ Kg7 35.cxd5 Rxd5 36.b4 e5
37.Rc4 axb4 38.Rxb4 e4 39.Bc6 Rd3 40.Rxd3 exd3 41.Rd4 Re3+ 42.Kf4 Re1 43.Rd6 Rf1+
44.Bf3 Ra1 45.Kf5 Rxa4 46.Rg6+ Kh7 47.Rxb6 Rd4 48.Rc6 Nd7 49.Rc7 d2 50.Ke6 h5
51.g5 Kg6 52.Rxd7 Rxh4 53.Rxd2 Kxg5 54.Ke5 Ra4 55.Rg2+ Kh6 56.Be4 h4 57.Kf4 h3
58.Rg3 h2 59.Rh3+ Kg7 60.Rxh2 Ra1 61.Ke5 Ra5+ 62.Bd5 Kg6 63.Rg2+ Kh5 64.Ke4 Kh6
65.Be6 Rg5 66.Ra2 Rb5 67.Kf4 Kg6 68.Rd2 Kf6 69.Bc4 Rb4 70.Rd4 Ra4 71.Ke4 Kg5
72.Rd5+ Kg4 73.Rc5 Ra1 74.Be6+ Kg3 75.Rg5+ Kf2 76.Bd5 Ra4+ 77.Kd3 Ra7 78.Rf5+ Kg3
79.Ke3 Ra3+ 80.Ke4 Ra4+ 81.Ke5 Ra5 82.Rg5+ Kh4 83.Rg8 Kh5 84.Rg1 Rb5 85.Ke4 Kh6
86.Bf7 Rg5 87.Rh1+ Kg7 88.Be6 Kf6 89.Bd7 Ke7 90.Rh7+ Kd6 91.Bf5 Rg1 92.Rd7+ Kc6
93.Rd3 Kc5 94.Rc3+ Kd6 95.Rd3+ Kc5 96.Rd5+ Kc6 97.Ke5 Re1+ 98.Be4 Kc7 99.Rc5+ Kb6
100.Rc2 Rg1 101.Bd5 Rg6 102.Be6 Kb5 103.Kd5 Rg5+ 104.Kd6 Kb4 105.Rb2+ Kc3
106.Rb3+ Kc2 107.Rf3 Kd2 108.Bd5 Ke2 109.Rh3 Kf2 110.Kc5 Rg3 111.Rh2+ Ke3
112.Rh4 Rg5 113.Kc4 Rg7 114.Re4+ Kf2 115.Kd3 Rg3+ 116.Kd4 Rg7 117.Rf4+ Kg3
118.Ke3 Ra7 119.Rb4 Ra3+ 120.Bb3 Ra7 121.Bc2 Re7+ 122.Be4 Ra7 123.Rb6 Ra3+
124.Bd3 Kh3 125.Rb4 Rc3 126.Ke2 Kg3 127.Re4 Ra3 128.Re3+ Kf4 129.Rf3+ Ke5
130.Ke3 Ra1 131.Rf5+ Ke6 132.Kd4 Ra4+ 133.Ke3 Ra3 134.Rb5 Ra1 135.Kd4 Rd1
136.Rb3 Kd6 137.Rb6+ Kc7 138.Ke4  1/2-1/2

[Event "World Cup"]
[Site "Khanty-Mansiysk RUS"]
[Date "2009.11.26"]
[Round "2.3"]
[White "Nisipeanu,LD"]
[Black "Polgar,Ju"]
[Result "1/2-1/2"]
[WhiteElo "2677"]
[BlackElo "2680"]

1.e4 c5 2.Nf3 Nc6 3.d4 cxd4 4.Nxd4 e5 5.Nb5 a6 6.Nd6+ Bxd6 7.Qxd6 Qf6 8.Qxf6 Nxf6
9.Nc3 Nb4 10.Bd3 d6 11.Bg5 Be6 12.O-O-O Ng4 13.Bh4 g5 14.Bg3 Ke7 15.Be2 Nf6
16.f3 Nh5 17.Bf2 Nf4 18.Bf1 Rhc8 19.a3 Na2+ 20.Nxa2 Bxa2 21.h4 h6 22.g3 Ne6
23.hxg5 hxg5 24.Bh3 Rc6 25.Be3 Rg8 26.Bf5 a5 27.Rh5 Ng7 28.Rxg5 f6 29.Rg4 Nxf5
30.exf5 Rxg4 31.fxg4 d5 32.Re1 Bb3 33.c3 Rc4 34.g5 Rg4 35.gxf6+ Kxf6 36.Bb6 Rxg3
37.Bd8+ Kxf5 38.Rxe5+ Kxe5 39.Bc7+ Ke4  1/2-1/2

[Event "Presidents Cup"]
[Site "Baku AZE"]
[Date "2010.04.30"]
[Round "4"]
[White "Polgar,Ju"]
[Black "Sutovsky,E"]
[Result "1/2-1/2"]
[WhiteElo "2682"]
[BlackElo "2650"]

1.e4 e6 2.d4 d5 3.Nd2 c5 4.Ngf3 cxd4 5.exd5 Qxd5 6.Bc4 Qd6 7.O-O Nf6 8.Nb3 Nc6
9.Nbxd4 Nxd4 10.Nxd4 Bd7 11.a4 Qc7 12.Bb5 Bc5 13.Bg5 O-O-O 14.c3 e5 15.Bxd7+ Rxd7
16.Bxf6 gxf6 17.Qg4 Qb6 18.Nb5 Rd8 19.b4 Bf8 20.Rad1 a6 21.Rxd7 Rxd7 22.Na3 Qe6
23.Qe2 Kb8  1/2-1/2

[Event "Presidents Cup"]
[Site "Baku AZE"]
[Date "2010.05.01"]
[Round "7"]
[White "Kamsky,G"]
[Black "Polgar,Ju"]
[Result "1/2-1/2"]
[WhiteElo "2702"]
[BlackElo "2682"]

1.g3 d5 2.Bg2 c6 3.f4 g6 4.Nf3 Bg7 5.O-O Qb6+ 6.d4 Bf5 7.c3 Nd7 8.h3 Be4
9.Nbd2 Bxf3 10.Nxf3 Ngf6 11.Ne5 O-O 12.Qb3 Rfd8 13.Be3 Ne8 14.Rad1 Nd6 15.Rd3 Qxb3
16.axb3 f6 17.Nxd7 Rxd7 18.Rc1 f5 19.Bf2 Ne4 20.Ra1 a6 21.Rdd1 h5 22.h4 Rc8
23.b4 Kf7  1/2-1/2

[Event "Arctic Stars Bronze"]
[Site "Kristiansund NOR"]
[Date "2010.08.30"]
[Round "1"]
[White "Polgar,Ju"]
[Black "Hammer,J"]
[Result "1/2-1/2"]
[WhiteElo "2682"]
[BlackElo "2636"]

1.e4 e5 2.Nf3 Nc6 3.d4 exd4 4.Nxd4 Nf6 5.Nc3 Bb4 6.Nxc6 bxc6 7.Bd3 d5 8.exd5 cxd5
9.O-O O-O 10.Bg5 c6 11.Na4 h6 12.Bh4 Be6 13.c3 Be7 14.Re1 Nd7 15.Bxe7 Qxe7
16.f4 f5 17.Qe2 Rae8 18.Qf2 Qd6 19.Rad1 Nf6 20.Nc5 Bc8 21.Qd4 g5 22.Rf1 Nh5
23.fxg5 hxg5 24.c4 Nf4 25.cxd5 cxd5 26.Rf3 Qe5 27.Qxe5 Rxe5 28.Bf1 Ne6 29.Nxe6 Bxe6
30.Ra3 Rf7 31.Kf2 f4 32.h3 Kg7 33.Re1 Rxe1 34.Kxe1 Rb7 35.b3 Bf5 36.Ra6 Rc7
37.Be2 Rc1+ 38.Kd2 Rc2+ 39.Kd1 Be4 40.Bf3 Rb2 41.Ke1 Kf7 42.Bh5+ Ke7 43.Bf3 Kf7
44.Bh5+ Ke7 45.Bf3  1/2-1/2

[Event "Arctic Stars Bronze"]
[Site "Kristiansund NOR"]
[Date "2010.08.30"]
[Round "2"]
[White "Hammer,J"]
[Black "Polgar,Ju"]
[Result "1-0"]
[WhiteElo "2636"]
[BlackElo "2682"]

1.d4 Nf6 2.Nf3 e6 3.c4 b6 4.g3 Bb7 5.Bg2 Be7 6.O-O d5 7.cxd5 exd5 8.Ne5 O-O
9.Nc3 Na6 10.Bg5 Ne4 11.Bxe7 Qxe7 12.Rc1 c5 13.e3 Rac8 14.Re1 Rfd8 15.Bh3 Ra8
16.Qa4 Nc7 17.Nc6 Bxc6 18.Qxc6 Nxc3 19.bxc3 c4 20.e4 Rd6 21.exd5 Qd8 22.Qxc4 Nxd5
23.Re5 Rb8 24.Rce1 a5 25.Bg2 Nf6 26.Re7 Qf8 27.Qc7 Rbd8 28.Bc6 h5 29.h4 g6
30.a4 Qg7 31.R1e5 Ng4 32.Re8+ Kh7 33.Rxd8 Qf6 34.Re2 Rxd8 35.Kg2 Rd6 36.Bf3 Kg7
37.Qe7 Rd8 38.Qxf6+ Nxf6 39.Bc6 Rd6 40.Bb5 Nd5 41.Rc2 Rd8 42.Kf3 Kf6 43.Ke4 Nc7
44.Bc6 Ke7 45.Rb2 Rb8 46.Bd5 b5 47.axb5 f5+ 48.Ke5 Rxb5 49.Rxb5 Nxb5 50.c4 Nc3
51.c5 a4 52.Be6 a3 53.d5 a2 54.d6+ Kd8 55.c6  1-0

[Event "39th Olympiad Men"]
[Site "Khanty-Mansiysk RUS"]
[Date "2010.09.27"]
[Round "6"]
[White "Eljanov,P"]
[Black "Polgar,Ju"]
[Result "1-0"]
[WhiteElo "2761"]
[BlackElo "2682"]

1.d4 Nf6 2.c4 e6 3.Nc3 Bb4 4.Qc2 O-O 5.a3 Bxc3+ 6.Qxc3 b6 7.Bg5 Bb7 8.e3 d6
9.f3 Nbd7 10.Nh3 h6 11.Bh4 Re8 12.Be2 e5 13.O-O Qe7 14.Bf2 Nf8 15.Kh1 Ng6
16.b4 a5 17.e4 Nh5 18.dxe5 Nhf4 19.Nxf4 Nxf4 20.Bd1 axb4 21.axb4 Rxa1 22.Qxa1 dxe5
23.c5 Qg5 24.Bg3 Ra8 25.Qc3 Ba6 26.Rg1 Bb5 27.cxb6 cxb6 28.Qc7 Qf6 29.Bxf4 exf4
30.Bb3 Re8 31.h3 Re7 32.Qd8+ Re8 33.Qxf6 gxf6 34.Rd1 Rc8 35.Rd5 Bc4 36.Bxc4 Rxc4
37.Rb5 Rc6 38.Kh2 Kg7 39.h4 Kg6 40.h5+ Kg7 41.Kh3 Rd6 42.Rd5 Rc6 43.Rb5 Rd6
44.Kg4 Rd2 45.Kxf4 Rxg2 46.Ke3 Rh2 47.Kd4 Rh1 48.Rf5 Kf8 49.Rxf6 Rxh5 50.Rxb6 Rh1
51.b5 h5 52.Rc6 Rb1 53.Kc5 Kg7 54.b6 h4 55.Rd6 Rb2 56.Kc6 h3 57.b7 h2 58.Rd1 Rc2+
59.Kb6 Rb2+ 60.Kc7 Rc2+ 61.Kb8 Rg2 62.Rh1 Kf6 63.f4 Ke7 64.e5 f6 65.Kc7 Rc2+
66.Kb6 fxe5 67.Rb1 h1=Q 68.Rxh1 Rb2+ 69.Kc6 exf4 70.Rh8 Kf6 71.b8=Q Rxb8
72.Rxb8 Ke5 73.Kc5 Ke4 74.Kc4 Ke3 75.Re8+ Kd2 76.Rf8 Ke3 77.Kc3  1-0

[Event "39th Olympiad Men"]
[Site "Khanty-Mansiysk RUS"]
[Date "2010.09.29"]
[Round "8"]
[White "Polgar,Ju"]
[Black "Mamedov,Rau"]
[Result "1/2-1/2"]
[WhiteElo "2682"]
[BlackElo "2660"]

1.e4 c5 2.Nf3 Nc6 3.d4 cxd4 4.Nxd4 g6 5.c4 Bg7 6.Be3 Nf6 7.Nc3 O-O 8.Be2 d6
9.O-O Nxd4 10.Bxd4 Bd7 11.Qd3 Bc6 12.b4 Rc8 13.a4 a5 14.b5 Bd7 15.Qe3 Ng4
16.Bxg4 Bxg4 17.Nd5 Bxd4 18.Qxd4 Be6 19.Rac1 Rc5 20.Rc3 Re8 21.Nf4 Bxc4 22.Nxg6 e5
23.Nxe5 dxe5 24.Rg3+ Kh8 25.Qxc5 Bxf1 26.Qc2 Bc4 27.Qxc4 Qd1+ 28.Qf1 Rd8
29.Ra3 Qc2 30.Ra1 Qxe4 31.g3 Rd2 32.Rd1 Ra2 33.Qd3 Qxd3 34.Rxd3 Rxa4 35.Rd7 b6
36.Rb7 Rb4 37.Rxb6 a4 38.Ra6 Rxb5 39.Rxa4  1/2-1/2

[Event "39th Olympiad Men"]
[Site "Khanty-Mansiysk RUS"]
[Date "2010.10.03"]
[Round "11"]
[White "Miton,K"]
[Black "Polgar,Ju"]
[Result "1/2-1/2"]
[WhiteElo "2629"]
[BlackElo "2682"]

1.d4 Nf6 2.c4 e6 3.Nf3 b6 4.g3 Bb7 5.Bg2 Be7 6.Nc3 Ne4 7.Bd2 Nxc3 8.Bxc3 Be4
9.O-O O-O 10.Ne1 Bxg2 11.Nxg2 d5 12.Qb3 c6 13.Nf4 Nd7 14.Nd3  1/2-1/2

[Event "Ajedrez UNAM KO"]
[Site "Mexico City MEX"]
[Date "2010.11.19"]
[Round "1.3"]
[White "Polgar,Ju"]
[Black "Ivanchuk,V"]
[Result "1/2-1/2"]
[WhiteElo "2686"]
[BlackElo "2764"]

1.e4 c6 2.Nc3 d5 3.Nf3 dxe4 4.Nxe4 Bf5 5.Ng3 Bg4 6.Be2 Nf6 7.O-O e6 8.d4 Bd6
9.Ne5 Bxe2 10.Qxe2 O-O 11.Bg5 Be7 12.Rad1 Nbd7 13.Rfe1 Re8 14.c4 Qc7 15.Bf4 Bb4
16.Rf1 Bd6 17.Nxd7 Qxd7 18.Be5 Qe7 19.Rd3 Rad8 20.Rfd1 Rd7 21.Bxf6 Qxf6 22.d5 cxd5
23.cxd5 Rde7 24.Ne4 Qe5 25.g3 exd5 26.Rxd5 Qxe4 27.Qxe4 Rxe4 28.Rxd6 g6 29.Rd7 R8e7
30.Kg2  1/2-1/2

[Event "Ajedrez UNAM KO"]
[Site "Mexico City MEX"]
[Date "2010.11.21"]
[Round "2.4"]
[White "Polgar,Ju"]
[Black "Topalov,V"]
[Result "1-0"]
[WhiteElo "2686"]
[BlackElo "2786"]

1.e4 e5 2.f4 exf4 3.Bc4 d5 4.exd5 Qh4+ 5.Kf1 Bd6 6.Nf3 Qh5 7.Nc3 Ne7 8.d4 O-O
9.Kf2 Nd7 10.Re1 Nb6 11.Bb3 Nexd5 12.Nxd5 Nxd5 13.c4 Ne3 14.Bxe3 fxe3+ 15.Rxe3 Bf5
16.c5 Bf4 17.Re7 Bg4 18.Re4 Qf5 19.Bc2 Bh5 20.Re5 Bxf3 21.Kxf3 Qf6 22.Rf5 Qh6
23.Rxf4 Rae8 24.Qd3 f5 25.h4 Re4 26.Qd2 Re7 27.Re1  1-0

[Event "Ajedrez UNAM KO"]
[Site "Mexico City MEX"]
[Date "2010.11.21"]
[Round "2.1"]
[White "Topalov,V"]
[Black "Polgar,Ju"]
[Result "1/2-1/2"]
[WhiteElo "2786"]
[BlackElo "2686"]

1.d4 f5 2.g3 Nf6 3.Bg2 g6 4.Nf3 Bg7 5.O-O O-O 6.b3 d6 7.Bb2 Qe8 8.Nbd2 Nc6
9.Re1 e5 10.dxe5 dxe5 11.e4 f4 12.b4 fxg3 13.hxg3 Ng4 14.b5 Nd4 15.a4 Be6
16.Bxd4 exd4 17.Nb3 Rd8 18.Nc5 d3 19.Nxd3 Bxa1 20.Qxa1 Qe7 21.Qc3 Qg7 22.e5 g5
23.Nc5 Bd5 24.Ne4 Bxe4 25.Rxe4 Rd1+ 26.Bf1 Rxf3 27.Qc4+ Qf7 28.Qxf7+ Kxf7
29.Rxg4 Rd2 30.Bd3 h6 31.Rc4 Rfxf2 32.Rxc7+ Ke6 33.Rxb7 Rg2+ 34.Kf1 Rh2 35.Kg1 Rdg2+
36.Kf1 h5 37.b6 h4 38.gxh4 gxh4 39.bxa7 h3 40.Ke1 Rh1+ 41.Bf1 h2 42.Rh7 Rg8
43.Ke2 Rhg1 44.Rxh2 R1g7 45.Ke3 Kxe5 46.Rh5+ Kd6 47.c4 Ra8 48.c5+ Kc7 49.Bb5 Rxa7
50.Rh6 Rg3+ 51.Kd4 Rg4+ 52.Kc3 Raxa4  1/2-1/2